Countries by Their Famous Buildings/Monuments #1 - Statistics

General Stats
  • This quiz has been taken 61 times
    26 since last reset
  • The average score is 14 of 20
Answer Stats
Picture Answer % Correct
France (Arc de Triomphe)
95%
Germany (Brandenberg gate)
95%
India (Taj Mahal)
95%
USA (Statue of Liberty)
95%
Brazil (Christ the Redeemer)
90%
China (The Forbidden City)
90%
Egypt (Pyramids of Giza)
90%
Russia (Red Square)
90%
UK (London Bridge)
90%
Canada (CN Tower)
81%
North Korea (The Grand Monument)
81%
UAE (Burj Khalifa)
81%
Malaysia (Petronas Towers)
67%
Taiwan (Taipei 101)
67%
Vatican Obelisk (Vatican City)
67%
Denmark (The Little Mermaid)
38%
Ukraine (Motherland Monument)
38%
Iraq (Victory Arch)
33%
Iran (Azadi Tower)
10%
Mexico (Angel of Independence)
10%
No matching quizzes found
Score Distribution
Percent of People with Each Score
Percentile by Number Answered
Your Score History
You have not taken this quiz since the last reset